Strategické riadenie v podnikovej praxi
Problematika uplatňovania rozdielnych prístupov k strategickému riadeniu z pohľadu tradičného, racionalistického a moderného, emergentného. Prístupy k strategickému riadeniu z hľadiska spôsobov tvorby stratégie, foriem jej vyjadrenia a implementácie stratégie. Uplatňovanie rozdielnych prístupov jedn...
Salvato in:
| Autore principale: | |
|---|---|
| Natura: | Capitolo di libro |
| Lingua: | slovacco |
| Soggetti: | |
| Tags: |
Nessun Tag, puoi essere il primo ad aggiungerne!!
|
MARC
| LEADER | 00000naa$a2200000$$$4500 | ||
|---|---|---|---|
| 001 | 0049988 | ||
| 005 | 20240502071557.1 | ||
| 041 | 0 | |a slo | |
| 044 | |a SK | ||
| 245 | 1 | 0 | |a Strategické riadenie v podnikovej praxi |c Aneta Hintošová |
| 520 | |a Problematika uplatňovania rozdielnych prístupov k strategickému riadeniu z pohľadu tradičného, racionalistického a moderného, emergentného. Prístupy k strategickému riadeniu z hľadiska spôsobov tvorby stratégie, foriem jej vyjadrenia a implementácie stratégie. Uplatňovanie rozdielnych prístupov jednotlivých podnikov. Výsledky výskumu. | ||
| 610 | 2 | 0 | |a riadenie podnikové |
| 610 | 2 | 0 | |a riadenie strategické |
| 610 | 2 | 0 | |a podnik |
| 610 | 2 | 0 | |a veľkosť podnikov |
| 610 | 2 | 0 | |a stratégia podniková |
| 610 | 2 | 0 | |a výskum |
| 100 | 1 | |a Hintošová, Aneta, 1979- | |